<?xml version="1.0" encoding="UTF-8"?><?xml-stylesheet type="text/xsl" href="static/style.xsl"?><OAI-PMH xmlns="http://www.openarchives.org/OAI/2.0/" xmlns:xsi="http://www.w3.org/2001/XMLSchema-instance" xsi:schemaLocation="http://www.openarchives.org/OAI/2.0/ http://www.openarchives.org/OAI/2.0/OAI-PMH.xsd"><responseDate>2026-04-18T08:01:39Z</responseDate><request verb="GetRecord" identifier="oai:www.recercat.cat:2099.1/4421" metadataPrefix="marc">https://recercat.cat/oai/request</request><GetRecord><record><header><identifier>oai:recercat.cat:2099.1/4421</identifier><datestamp>2025-07-23T07:05:11Z</datestamp><setSpec>com_2072_1033</setSpec><setSpec>col_2072_452951</setSpec></header><metadata><record xmlns="http://www.loc.gov/MARC21/slim" xmlns:dcterms="http://purl.org/dc/terms/" xmlns:xsi="http://www.w3.org/2001/XMLSchema-instance" xmlns:doc="http://www.lyncode.com/xoai" xsi:schemaLocation="http://www.loc.gov/MARC21/slim http://www.loc.gov/standards/marcxml/schema/MARC21slim.xsd">
   <leader>00925njm 22002777a 4500</leader>
   <datafield ind2=" " ind1=" " tag="042">
      <subfield code="a">dc</subfield>
   </datafield>
   <datafield ind2=" " ind1=" " tag="720">
      <subfield code="a">Torrent Poch, Marc</subfield>
      <subfield code="e">author</subfield>
   </datafield>
   <datafield ind2=" " ind1=" " tag="260">
      <subfield code="c">2007-06-06</subfield>
   </datafield>
   <datafield ind2=" " ind1=" " tag="520">
      <subfield code="a">Aquest projecte té com a principal objectiu la creació d'un prototip de dispositiu per la captura i l'anàlisi del moviment en&#xd;
persones amb mobilitat reduïda i gent gran. L'anàlisi d'aquestes dades pot servir per a conèixer més detalladament els problemes dels pacients, i ajudar a evitar les conseqüències de la mobilitat reduïda en les persones. Per aquesta finalitat cal que el dispositiu dissenyat sigui capaç de funcionar fora d'entorns controlats i durant la vida quotidiana del pacient.&#xd;
El dispositiu dissenyat constarà de cinc mòduls sensors capaços de mesurar acceleracions en els tres eixos i també&#xd;
velocitats angulars. Els elements estan pensats per anar a diferents parts del cos del pacient, com ara les extremitats i el&#xd;
tronc, i per aquesta raó,el disseny del dispositiu es realitzarà pensant en la portabilitat i vestibilitat, ja que un dels objectius es que aquest sigui el menys invasiu possible per als pacients.&#xd;
Cada mòdul sensor anirà cablejat a una unitat central de control ubicada al pit. Aquesta unitat de control incorporarà un&#xd;
potent microcontrolador dsPIC que s'encarregarà de gestionar totes les funcions del dispositiu. La seva funció principal serà capturar les mesures de tots els sensors i gestionar-les de manera que sen pugui fer un anàlisi. El dispositiu tindrà dues maneres de gestionar les dades. En la primera el dispositiu transmetrà les lectures dels sensors cap a un PC en temps&#xd;
real. Aquesta transmissió es realitzarà mitjançant un dispositiu sense fils Bluetooth, de manera que no caldrà cap cable&#xd;
connectat amb el PC. En un segon mode de funcionament, el dispositiu guardarà les dades en comptes de transmetre-les.&#xd;
Per aquesta fi, s'incorporarà al prototip una targeta de memòria SD estàndard. D'aquesta manera es facilitarà la&#xd;
posterior transmissió de dades cap a un PC.&#xd;
Per a l'anàlisi de les dades capturades pels sensors es realitzarà un programa per a PC capaç de dibuixar en gràfiques les mesures, tant en temps real mentre es reben per&#xd;
Bluetooth, com amb les dades emmagatzemades en un fitxer de la targeta de memòria.</subfield>
   </datafield>
   <datafield tag="653" ind2=" " ind1=" ">
      <subfield code="a">Àrees temàtiques de la UPC::Informàtica::Automàtica i control</subfield>
   </datafield>
   <datafield tag="653" ind2=" " ind1=" ">
      <subfield code="a">People with disabilities Services for</subfield>
   </datafield>
   <datafield tag="653" ind2=" " ind1=" ">
      <subfield code="a">Human engineering</subfield>
   </datafield>
   <datafield tag="653" ind2=" " ind1=" ">
      <subfield code="a">captura de moviment</subfield>
   </datafield>
   <datafield tag="653" ind2=" " ind1=" ">
      <subfield code="a">computació ubiqua</subfield>
   </datafield>
   <datafield tag="653" ind2=" " ind1=" ">
      <subfield code="a">captura de moviment computació ubiqua acceleròmetre</subfield>
   </datafield>
   <datafield tag="653" ind2=" " ind1=" ">
      <subfield code="a">giroscopi</subfield>
   </datafield>
   <datafield tag="653" ind2=" " ind1=" ">
      <subfield code="a">targeta sd</subfield>
   </datafield>
   <datafield tag="653" ind2=" " ind1=" ">
      <subfield code="a">bluetooth</subfield>
   </datafield>
   <datafield tag="653" ind2=" " ind1=" ">
      <subfield code="a">unitat de control</subfield>
   </datafield>
   <datafield tag="653" ind2=" " ind1=" ">
      <subfield code="a">portabilitat</subfield>
   </datafield>
   <datafield tag="653" ind2=" " ind1=" ">
      <subfield code="a">FAT16</subfield>
   </datafield>
   <datafield tag="653" ind2=" " ind1=" ">
      <subfield code="a">Ajuts tècnics per a disminuïts</subfield>
   </datafield>
   <datafield tag="653" ind2=" " ind1=" ">
      <subfield code="a">Enginyeria humana</subfield>
   </datafield>
   <datafield ind2="0" ind1="0" tag="245">
      <subfield code="a">Unitat de control per un sistema autònom d'anàlisi del moviment humà</subfield>
   </datafield>
</record></metadata></record></GetRecord></OAI-PMH>